[Event "GER-ch Net blitz qual4"]
[Site "Playchess.com INT"]
[Date "2021.05.10"]
[Round "11"]
[White "Retzlaff, Wolfgang"]
[Black "Schulz, Gerhard1111"]
[Result "0-1"]
[WhiteElo "1631"]
[BlackElo "1432"]
[PlyCount "94"]
[EventDate "2021.05.10"]
[EventType "swiss (blitz)"]
[EventRounds "11"]
[EventCountry "GER"]
[SourceTitle "CBM 202 Extra"]
[Source "ChessBase"]
[SourceDate "2021.07.31"]
[SourceVersion "1"]
[SourceVersionDate "2021.07.31"]
[SourceQuality "1"]

1. c4 e6 2. Nc3 c6 3. d4 d5 4. cxd5 exd5 5. Bf4 Bd6 6. Bxd6 Qxd6 7. Nf3 Nf6 8. e3 Bg4 9. Be2 Nbd7 10. 0-0 0-0 11. h3 Bh5 12. Rc1 Rfe8 13. a3 a5 14. Re1 Ne4 15. Nxe4 Rxe4 16. Qd2 Bxf3 17. Bxf3 Re6 18. Qd3 Rh6 19. e4 dxe4 20. Rxe4 Nf6 21. Re3 Nd5 22. Re5 Nf6 23. Rce1 Nd7 24. d5 Nxe5 25. Qe3 Nxf3+ 26. gxf3 Qd7 27. dxc6 Rxc6 28. f4 Re6 29. Qc3 Rxe1+ 30. Qxe1 Qxh3 31. Qe7 Qc8 32. Qd6 Ra6 33. Qd5 Rh6 34. Qxa5 Rg6+ 35. Kf1 Qc1+ 36. Ke2 h6 37. Qb4 Re6+ 38. Kf3 Qc6+ 39. Kg3 Re4 40. Qd2 Qg6+ 41. Kh2 Qh5+ 42. Kg3 Re6 43. Qd3 Rg6+ 44. Qxg6 Qxg6+ 45. Kf3 Qc2 46. Kg3 Qxb2 47. f3 Qxa3 0-1

[Event "DSOL 05 Liga Gr-B 1st"]
[Site "Playchess.com INT"]
[Date "2020.08.07"]
[Round "7.4"]
[White "Retzlaff, Wolfgang"]
[Black "Gaertner, Lars Florian"]
[Result "0-1"]
[WhiteElo "1651"]
[BlackElo "1474"]
[PlyCount "84"]
[EventDate "2020.06.22"]
[EventType "team-tourn (rapid)"]
[EventCountry "GER"]
[SourceTitle "EXT 2021"]
[Source "ChessBase"]
[SourceDate "2020.10.23"]
[SourceVersion "1"]
[SourceVersionDate "2020.10.23"]
[SourceQuality "1"]
[WhiteTeam "Hameln II"]
[BlackTeam "Bad Salzdetfurth"]
[WhiteTeamCountry "GER"]
[BlackTeamCountry "GER"]

1. Nf3 Nf6 2. c4 g6 3. Nc3 d5 4. cxd5 Nxd5 5. e4 Nxc3 6. bxc3 c5 7. Bc4 Bg7 8. 0-0 0-0 9. h3 a6 10. a4 Nd7 11. a5 Ne5 12. Nxe5 Bxe5 13. f4 Bg7 14. e5 Bf5 15. d4 cxd4 16. cxd4 Rc8 17. Bb3 Rc3 18. Rf3 Rxf3 19. gxf3 Bxh3 20. Bb2 e6 21. Qe1 Bh6 22. Qg3 Bf5 23. Qh2 Bg7 24. Bc3 h5 25. Rd1 Qc7 26. Qd2 Rc8 27. Bb4 Bf8 28. Bxf8 Kxf8 29. Kf2 Qc3 30. Ba2 Qa3 31. Bb1 Bxb1 32. Rxb1 Rc3 33. Rxb7 Rxf3+ 34. Ke2 Kg7 35. Rb1 Rh3 36. Rf1 h4 37. f5 Qg3 38. f6+ Kh7 39. Kd1 Qb3+ 40. Ke2 Qb5+ 41. Ke1 Qb1+ 42. Ke2 Qe4+ 0-1

[Event "Hamburg CC Easter op 3rd"]
[Site "Hamburg"]
[Date "2017.04.14"]
[Round "2"]
[White "Retzlaff, Wolfgang"]
[Black "Arft, Inge"]
[Result "1-0"]
[WhiteElo "1758"]
[BlackElo "1381"]
[PlyCount "63"]
[EventDate "2017.04.14"]
[EventType "swiss"]
[EventRounds "7"]
[EventCountry "GER"]
[SourceTitle "EXT 2020"]
[Source "ChessBase"]
[SourceDate "2019.10.17"]
[SourceVersion "1"]
[SourceVersionDate "2019.10.17"]
[SourceQuality "1"]

1. Nf3 g6 2. d4 Bg7 3. e4 d6 4. c4 e6 5. Nc3 Ne7 6. Be3 b6 7. Qd2 h6 8. Bd3 Bb7 9. 0-0 Nd7 10. b4 a6 11. Rac1 f5 12. exf5 Bxf3 13. gxf3 gxf5 14. Kh1 Rf8 15. Rg1 f4 16. Bxf4 Bxd4 17. Be4 Bxc3 18. Rxc3 Rc8 19. Bxh6 Rg8 20. Rxg8+ Nxg8 21. Bg6+ Ke7 22. Qg5+ Ndf6 23. Bg7 Kd7 24. c5 bxc5 25. bxc5 c6 26. cxd6 Rb8 27. Qc5 Rb6 28. a4 Nd5 29. Rc1 Qg5 30. Rg1 Qd2 31. Be5 Qe2 32. Be4 1-0

[Event "Norderstedt op"]
[Site "Norderstedt"]
[Date "2013.03.30"]
[Round "5"]
[White "Retzlaff, Wolfgang"]
[Black "Daug, Joern Henning"]
[Result "0-1"]
[WhiteElo "1755"]
[BlackElo "1980"]
[PlyCount "56"]
[EventDate "2013.03.28"]
[EventType "swiss"]
[EventRounds "9"]
[EventCountry "GER"]
[SourceTitle "EXT 2015"]
[Source "ChessBase"]
[SourceDate "2014.11.20"]
[SourceVersion "1"]
[SourceVersionDate "2014.11.20"]
[SourceQuality "1"]

1. c4 Nf6 2. d4 e6 3. Nc3 d5 4. Bg5 Be7 5. e3 c6 6. Nf3 Nbd7 7. h3 0-0 8. Bf4 a6 9. c5 Re8 10. Bd3 Nf8 11. 0-0 N6d7 12. e4 Ng6 13. Bg3 b6 14. b4 a5 15. a3 axb4 16. axb4 Rxa1 17. Qxa1 bxc5 18. bxc5 dxe4 19. Bxe4 e5 20. Qa7 exd4 21. Bc7 Bxc5 22. Qa5 Qf6 23. Bxg6 Qxg6 24. Na4 Bf8 25. Nxd4 c5 26. Nf3 Bb7 27. Nh4 Qc6 28. Bg3 Ra8 0-1

[Event "Hamburg St Pauli op-B"]
[Site "Hamburg"]
[Date "2011.07.12"]
[Round "5"]
[White "Vokroj, Gabriela"]
[Black "Retzlaff, Wolfgang"]
[Result "1/2-1/2"]
[WhiteElo "1855"]
[BlackElo "1677"]
[PlyCount "96"]
[EventDate "2011.07.09"]
[EventType "swiss"]
[EventRounds "9"]
[EventCountry "GER"]
[SourceTitle "CBM 143 Extra"]
[Source "ChessBase"]
[SourceDate "2011.08.29"]
[SourceVersion "1"]
[SourceVersionDate "2011.08.29"]
[SourceQuality "1"]

1. e4 c5 2. Nc3 Nc6 3. g3 d6 4. Bg2 Nf6 5. Nge2 g6 6. 0-0 Bg7 7. d3 h5 8. Bg5 Ng8 9. Qd2 f6 10. Be3 h4 11. Nf4 g5 12. Ng6 Rh6 13. Bxg5 fxg5 14. Nxh4 gxh4 15. Qg5 e5 16. Qxg7 Be6 17. Nd5 Nce7 18. Bf3 Bf7 19. Qg5 Nxd5 20. Qxd8+ Rxd8 21. exd5 Nf6 22. c4 Bh5 23. Bxh5+ Rxh5 24. f4 hxg3 25. hxg3 Ng4 26. fxe5 Nxe5 27. Rf6 Rg5 28. Kg2 Rg6 29. Rxg6 Nxg6 30. Rh1 Rd7 31. Re1+ Re7 32. Rxe7+ Kxe7 33. Kf3 Ne5+ 34. Ke4 Kf6 35. b3 b6 36. d4 cxd4 37. Kxd4 a5 38. a3 Kf5 39. b4 axb4 40. axb4 Nd7 41. Ke3 Ke5 42. g4 Nf8 43. Kd3 Nh7 44. Ke3 Ng5 45. Kd3 Nf7 46. Ke3 Nd8 47. Kd3 Kf4 48. c5 bxc5 1/2-1/2

[Event "Hamburg St Pauli op-B"]
[Site "Hamburg"]
[Date "2011.07.11"]
[Round "3"]
[White "Retzlaff, Wolfgang"]
[Black "Krause, Werner"]
[Result "1-0"]
[WhiteElo "1677"]
[BlackElo "1498"]
[PlyCount "63"]
[EventDate "2011.07.09"]
[EventType "swiss"]
[EventRounds "9"]
[EventCountry "GER"]
[SourceTitle "CBM 143 Extra"]
[Source "ChessBase"]
[SourceDate "2011.08.29"]
[SourceVersion "1"]
[SourceVersionDate "2011.08.29"]
[SourceQuality "1"]

1. c4 e5 2. Nc3 Nf6 3. g3 Nc6 4. Bg2 d6 5. e3 Be6 6. d3 Be7 7. Nge2 Qd7 8. a3 d5 9. cxd5 Nxd5 10. Bd2 Nxc3 11. Bxc3 Bd5 12. Bxd5 Qxd5 13. e4 Qd7 14. Qc2 0-0 15. 0-0 Bd6 16. f4 exf4 17. gxf4 Bc5+ 18. Kh1 Rad8 19. Bxg7 Qxd3 20. Bf6 h5 21. Qxc5 Qxe4+ 22. Kg1 Rd5 23. Qf2 Kh7 24. Qf3 Qg6+ 25. Qg2 Rg8 26. Bg5 Qd3 27. Rf3 Qd2 28. Rg3 Qxb2 29. Qxd5 Qxa1+ 30. Kg2 Qb1 31. Qxf7+ Rg7 32. Qxh5+ 1-0

[Event "Hamburg St Pauli op-B"]
[Site "Hamburg"]
[Date "2011.07.10"]
[Round "2"]
[White "Kaehler, Arne"]
[Black "Retzlaff, Wolfgang"]
[Result "1-0"]
[WhiteElo "1804"]
[BlackElo "1677"]
[PlyCount "49"]
[EventDate "2011.07.09"]
[EventType "swiss"]
[EventRounds "9"]
[EventCountry "GER"]
[SourceTitle "CBM 143 Extra"]
[Source "ChessBase"]
[SourceDate "2011.08.29"]
[SourceVersion "1"]
[SourceVersionDate "2011.08.29"]
[SourceQuality "1"]

1. e4 c5 2. c4 Nc6 3. d3 g6 4. Be3 Bg7 5. Nc3 d6 6. Be2 Nd4 7. Qd2 e5 8. Nf3 Ne7 9. 0-0-0 Bd7 10. Bh6 Nxf3 11. Bxf3 0-0 12. h4 f6 13. g4 Bxh6 14. Qxh6 Rf7 15. Qe3 a6 16. g5 fxg5 17. Rdg1 h6 18. hxg5 h5 19. Bxh5 Rh7 20. Be2 Rxh1 21. Rxh1 Qf8 22. Rh4 b5 23. Qg3 b4 24. Nd1 a5 25. Bg4 1-0

[Event "Pinneberg-ch"]
[Site "Pinneberg"]
[Date "2010.08.26"]
[Round "1"]
[White "Van Riesen, Klaus"]
[Black "Retzlaff, Wolfgang"]
[Result "1-0"]
[WhiteElo "2070"]
[BlackElo "1731"]
[PlyCount "103"]
[EventDate "2010.08.26"]
[EventType "swiss"]
[EventRounds "7"]
[EventCountry "GER"]
[SourceTitle "EXT 2011"]
[Source "ChessBase"]
[SourceDate "2010.11.26"]
[SourceVersion "1"]
[SourceVersionDate "2010.11.26"]
[SourceQuality "1"]

1. d4 d5 2. c4 c6 3. Nf3 Nf6 4. Nc3 e6 5. Bf4 Bd6 6. Bg3 Bxg3 7. hxg3 a6 8. e3 Qb6 9. Qc2 Nbd7 10. Bd3 Qc7 11. 0-0-0 dxc4 12. Bxc4 b5 13. Bd3 Bb7 14. Ng5 Nf8 15. Nce4 Nxe4 16. Bxe4 g6 17. d5 exd5 18. Qc3 Qe7 19. Qxh8 Qxg5 20. Bf3 0-0-0 21. Qc3 Kb8 22. Kb1 h5 23. Rd2 f5 24. Rhd1 Qe7 25. Qd4 Ne6 26. Qe5+ Ka8 27. Be2 Qf7 28. Bf3 Nc5 29. Qf4 Ne6 30. Qh4 Rd7 31. Rc1 Qg7 32. Rdc2 Qe5 33. Rxc6 Bxc6 34. Rxc6 Kb7 35. Rc1 Nc7 36. Qb4 Qd6 37. Qb3 Qe6 38. Rd1 Qf7 39. a4 g5 40. axb5 axb5 41. Rd4 Rd6 42. Qb4 Rc6 43. Qd2 Rd6 44. Be2 Qe8 45. Rb4 Kb6 46. Qd1 g4 47. Qd4+ Ka6 48. Ra4+ Kb7 49. Qa7+ Kc6 50. Bxb5+ Kxb5 51. Ra5+ Kc4 52. Qd4+ 1-0

[Event "Pinneberg-ch"]
[Site "Pinneberg"]
[Date "2008.09.25"]
[Round "5"]
[White "Haack, Stefan"]
[Black "Retzlaff, Wolfgang"]
[Result "1-0"]
[WhiteElo "1974"]
[BlackElo "1694"]
[PlyCount "71"]
[EventDate "2008.08.28"]
[EventType "swiss"]
[EventRounds "7"]
[EventCountry "GER"]
[SourceTitle "EXT 2011"]
[Source "ChessBase"]
[SourceDate "2010.11.26"]
[SourceVersion "1"]
[SourceVersionDate "2010.11.26"]
[SourceQuality "1"]

1. e4 c5 2. Nf3 Nc6 3. d4 cxd4 4. Nxd4 g6 5. Bc4 Bg7 6. Be3 a6 7. Nc3 Na5 8. Be2 e6 9. f4 Ne7 10. 0-0 f5 11. e5 d5 12. g4 0-0 13. Na4 Nec6 14. g5 Nxd4 15. Bxd4 Rf7 16. Bb6 Qe8 17. b3 Nc6 18. c4 dxc4 19. Bxc4 Bf8 20. Qf3 Nb8 21. Rad1 Nd7 22. Be3 Rb8 23. Nb6 Nxb6 24. Bxb6 Bd7 25. Qc3 Be7 26. h4 Bd8 27. Qd4 Rc8 28. a4 Rc6 29. Bxd8 Qxd8 30. Rd2 Qe7 31. Rfd1 Rc7 32. Qd6 Qxd6 33. Rxd6 Re7 34. Rxd7 Kf7 35. Rxe7+ Rxe7 36. Rd6 1-0

[Event "Pinneberg-ch"]
[Site "Pinneberg"]
[Date "2008.08.28"]
[Round "1"]
[White "Moser, Till"]
[Black "Retzlaff, Wolfgang"]
[Result "1-0"]
[WhiteElo "2026"]
[BlackElo "1694"]
[PlyCount "91"]
[EventDate "2008.08.28"]
[EventType "swiss"]
[EventRounds "7"]
[EventCountry "GER"]
[SourceTitle "EXT 2011"]
[Source "ChessBase"]
[SourceDate "2010.11.26"]
[SourceVersion "1"]
[SourceVersionDate "2010.11.26"]
[SourceQuality "1"]

1. e4 c5 2. Nf3 Nc6 3. d3 g6 4. Nbd2 Bg7 5. g3 d6 6. Bg2 e5 7. 0-0 Nge7 8. c3 0-0 9. a4 a5 10. Nc4 Be6 11. Ng5 Bxc4 12. dxc4 h6 13. Nf3 Qc7 14. Be3 Kh7 15. Qd2 Rad8 16. Rad1 b6 17. Ne1 f5 18. Nc2 fxe4 19. Bxe4 Nf5 20. Qe2 Nxe3 21. Nxe3 Ne7 22. h4 Kg8 23. h5 g5 24. Rd2 Rf6 25. Rfd1 Kf8 26. Ng4 Rf7 27. Rd3 Kg8 28. Qd2 Qc8 29. f3 Nf5 30. Bd5 Qd7 31. Kg2 Qxa4 32. Ne3 Qd7 33. Nxf5 Qxf5 34. g4 Qf6 35. Bxf7+ Qxf7 36. Rxd6 Rxd6 37. Qxd6 Qxc4 38. Qd5+ Qxd5 39. Rxd5 Kf7 40. Rd7+ Kf6 41. Rd6+ Ke7 42. Rxb6 Bf8 43. c4 Kd7 44. b3 Bd6 45. Ra6 Bc7 46. Rxh6 1-0